Designing Women Night...Georgia Speech Quiz Stats

 Plays Quiz not verified by Sporcle

Score 0/121 Timer 05:00
0 Plays Today
% Correct
the
97%
a
97%
And
97%
the
97%
a
97%
and
97%
the
97%
And
97%
and
97%
and
97%
And
97%
and
97%
the
97%
the
97%
in
93.8%
Georgia
93.3%
Georgia
93.3%
Georgia
93.3%
that
91.8%
that
91.8%
that
91.8%
that
91.8%
that
91.8%
that
91.8%
Out
89.3%
Went
88.8%
Lights
88.5%
Night
86.8%
You
84%
you
84%
was
81.5%
was
81.5%
was
81.5%
on
78.3%
know
76.1%
know
76.1%
know
76.1%
she
75.6%
She
75.6%
she
75.6%
baton
74.8%
% Correct
baton
74.8%
baton
74.8%
baton
74.8%
baton
74.8%
so
74.3%
so
74.3%
Miss
73.6%
Miss
73.6%
when
71.6%
when
71.6%
just
70.6%
just
70.6%
fire
69.1%
will
67.3%
will
67.3%
Suzanne
67.1%
it
67.1%
it
67.1%
not
66.8%
my
66.6%
is
66.6%
your
64.8%
sister
63.8%
did
63.6%
threw
63.3%
children
60.8%
of
60.6%
any
60.1%
any
60.1%
didn't
59.9%
didn't
59.9%
twirl
59.1%
caught
56.6%
to
54.6%
higher
54.4%
down
53.1%
ever
52.6%
sparks
52.4%
one
52.4%
Marjorie
52.1%
Marjorie
52.1%
% Correct
Marjorie
52.1%
someday
52.1%
than
51.9%
faster
50.4%
minutes
49.9%
her
49.9%
air
48.9%
face
48.6%
into
48.4%
flew
47.4%
for
47.1%
ovation
47.1%
half
46.6%
has
45.6%
come
44.6%
tear-stained
44.1%
with
43.6%
thunderous
43.4%
transformer
43.1%
before
42.9%
further
42.4%
flown
42.1%
finally
41.1%
their
41.1%
as
40.4%
probably
39.9%
arena
39.9%
showering
39.4%
feet
39.4%
sixteen
37.4%
darkened
36.7%
people
35.7%
hitting
34.7%
thousand
34.7%
uninterrupted
34.7%
illuminated
34.4%
jumped
31.7%
flames
29.4%
twelve
27.9%

You're not logged in!

Compare scores with friends on all Sporcle quizzes.
OR
Log In

Show Comments

Extras

Top Quizzes Today


Score Distribution

Your Account Isn't Verified!

In order to create a playlist on Sporcle, you need to verify the email address you used during registration. Go to your Sporcle Settings to finish the process.

Report this User

Report this user for behavior that violates our Community Guidelines.

Details: